Limites del derecho internacional humanitario en la protección de personas civiles y no combatientes en el conflicto : (Registro nro. 8617)

Detalles MARC
000 -CABECERA
campo de control de longitud fija 03637nam a2200289 4500
003 - IDENTIFICADOR DEL NÚMERO DE CONTROL
campo de control DO-SdBJH
005 - FECHA Y HORA DE LA ÚLTIMA TRANSACCIÓN
campo de control 20260326185234.0
008 - DATOS DE LONGITUD FIJA--INFORMACIÓN GENERAL
campo de control de longitud fija 260325b2025 |||da||| |||| 00| 0 spa d
040 ## - FUENTE DE LA CATALOGACIÓN
Centro catalogador/agencia de origen DO-SdBJH
Lengua de catalogación spa
Centro/agencia transcriptor DO-SdBJH
041 0# - CÓDIGO DE LENGUA
Código de lengua del texto/banda sonora o título independiente spa
090 ## - LOCALMENTE ASIGNADO TIPO-LC NÚMERO DE CLASIFICACIÓN (OCLC); NÚMERO DE CLASIFICACIÓN LOCAL (RLIN)
Número de clasificación (OCLC) (R) ; Numero de clasificación, CALL (RLIN) (NR) CT MA-DHIH 0007
Número cutter local (OCLC) ; Número de libro/Signatura topográfica íntegra, CALL (RLIN) EGDDHH 2025
100 1# - ENTRADA PRINCIPAL--NOMBRE DE PERSONA
Nombre de persona Pérez Quezada, Liz Eva
Término indicativo de función/relación sustentante
245 10 - MENCIÓN DE TÍTULO
Título Limites del derecho internacional humanitario en la protección de personas civiles y no combatientes en el conflicto :
Resto del título israelí-palestino 2021-2024 /
Mención de responsabilidad, etc. Eva Liz Pérez Quezada ; asesor de contenido Ronny Santana Morillo ; asesor metodológico Fausto Antonio Suriel Rosario.
260 ## - PUBLICACIÓN, DISTRIBUCIÓN, ETC.
Lugar de publicación, distribución, etc. Santo Domingo, República Dominicana :
Nombre del editor, distribuidor, etc. UNADE,
Fecha de publicación, distribución, etc. 2025.
300 ## - DESCRIPCIÓN FÍSICA
Extensión x, 114 páginas :
Otras características físicas ilustraciones, gráficas.
502 ## - NOTA DE TESIS
Nota de tesis Tesis y trabajo de grado (Maestría en Derechos Humanos y Derecho Internacional Humanitario)-- Universidad Nacional para la Defensa "General Juan Pablo Duarte y Diez", Escuela de Graduados en Derechos Humanos y Derecho Internacional Humanitario, Santo Domingo, 2025.
504 ## - NOTA DE BIBLIOGRAFÍA, ETC.
Nota de bibliografía, etc. Incluye referencias bibliográficas, apéndice y anexos.
505 ## - NOTA DE CONTENIDO CON FORMATO
Nota de contenido con formato Contexto histórico y evaluación del conflicto armado entre Israel y palestina desde el 2021 hasta el 2024 -- Fundamentos normativos y orgánicos de tutela para la protección de no combatientes en el conflicto armado israelí-Palestino -- Alcance y limites de medidas de la corte internacional de justicia, el consejo de seguridad de la ONU y la comunidad internacional para proteger a no combatientes en el conflicto Israel-Palestina.
520 ## - SUMARIO, ETC.
Sumario, etc. En esta investigación se presenta un análisis de los limites del Derecho Internacional Humanitario en la protección de personas civiles y no combatientes en el conflicto israelí-palestino, en el periodo 2021-2024. Metodológicamente el estudio es realizado a través de un estudio no experimental, de corte transversal, apoyado en investigación documental e implementando métodos analitico-sintetico y el lógico-inductivo. De igual manera, los instrumentos aplicados fueron la ficha bibliográfica y la guía de preguntas abiertas. Se llega a los resultados de que los especialistas señalan que el conflicto mantiene raíces históricas que se han intensificado con desalojos forzosos, el ataque del 7 de octubre de 2023 y la falta de avances en procesos de paz; asimismo, expertos internacionales destacan medidas operativas aplicadas por Israel para mitigar daños, aunque cuestionadas en su efectividad; otros hallazgos revelan que organismos multilaterales han documentado la destrucción de hospitales, ambulancias, escuelas, y viviendas en Gaza, lo que agrava la situación de la población civil; los niños palestinos presentan altos niveles de estrés postraumáticos y la educación se ha visto interrumpida por la vinolencia constante. Se puede evidenciar de que la efectividad del Derecho Internacional Humanitario en este conflicto es limitada, debido a las faltas de mecanismos coercitivos reales y a las condiciones de guerra urbana colapsada y que es preciso fortalecer los instrumentos de supervisión internacional y garantizar corredores humanitarios seguros en la legión.
650 #7 - PUNTO DE ACCESO ADICIONAL DE MATERIA--TÉRMINO DE MATERIA
Fuente del encabezamiento o término lemb
Término de materia o nombre geográfico como elemento de entrada Derecho internacional humanitario
Subdivisión de forma Investigaciones
Subdivisión general límites
Subdivisión cronológica 2021-2024
Subdivisión geográfica Israel
-- Palestina
650 #7 - PUNTO DE ACCESO ADICIONAL DE MATERIA--TÉRMINO DE MATERIA
Fuente del encabezamiento o término lemb
Término de materia o nombre geográfico como elemento de entrada Conflictos armados
Subdivisión de forma Investigaciones
Subdivisión general Derecho internacional
Subdivisión cronológica 2021-2024
650 #7 - PUNTO DE ACCESO ADICIONAL DE MATERIA--TÉRMINO DE MATERIA
Fuente del encabezamiento o término lemb
Término de materia o nombre geográfico como elemento de entrada Protección de civiles (Derecho internacional)
650 #7 - PUNTO DE ACCESO ADICIONAL DE MATERIA--TÉRMINO DE MATERIA
Fuente del encabezamiento o término lemb
Término de materia o nombre geográfico como elemento de entrada Conflicto árabe-israelí
700 1# - PUNTO DE ACCESO ADICIONAL--NOMBRE DE PERSONA
Nombre de persona Santa Morillo, Ronny
Término indicativo de función/relación asesor de contenido
700 1# - PUNTO DE ACCESO ADICIONAL--NOMBRE DE PERSONA
Nombre de persona Suriel Rosario, Antonio Fausto
Término indicativo de función/relación asesor metodológico
942 ## - ELEMENTOS DE PUNTO DE ACCESO ADICIONAL (KOHA)
Fuente del sistema de clasificación o colocación Clasificación Local
Tipo de ítem Koha Tesis

No hay ítems disponibles.

© Copyright 2016. Universidad Nacional para la Defensa.Todos los derechos reservados.

 

Designed & Maintained by: https://www.sibdweb.com.do
Sistema de Información & Bibliotecas (SIBD). Contact: pbrito2005@gmail.com